000
00199 a2200097 4500
001
9261
100
_a
Khan, R.M.
245
_a
Thirty seconds at Quetta
260
_a
_b
Evans
_c
090
_c
7430
_d
7430
942
_a
NUST-CAE
_c
M
_c
34079
999
_c
244334
_d
244334